00378nam a22001217a 4500003000900000005001700009008004800026040002300074100002900097245006200126260003800188300003000226DO-SdBNP20171124144712.0171124b 1964 ag a||||| |||| 00| 0 spa d aBPMSUbspa cBPMSU1 aFesquet, Alberto E- J. 10aElementos de ciencias naturales /cAlberto E- J. Fesquet. aBuenos Aires : bKapelusz,c1964. a244 p. : bil. ;c21 cm.